| 000 | 00514pab a2200181 454500 | ||
|---|---|---|---|
| 008 | 180718b1990 xxu||||| |||| 00| 0 eng d | ||
| 100 | _aRajan, M.A.S. | ||
| 245 | _aDistrict plans, monitoring and the poor - An administrator's view point | ||
| 260 | _c1990 | ||
| 300 | _ap.209-227. | ||
| 362 | _aApr-Jun | ||
| 650 | _aDistrict administration - India | ||
| 650 | _aDistrict planning - India | ||
| 650 | _aDistrict planning | ||
| 773 | _aIndian Journal of Public Administration | ||
| 908 | _aN | ||
| 909 | _a7343 | ||
| 999 |
_c7343 _d7343 |
||